| 000 | 00533nmm a2200169Ia 4500 | ||
|---|---|---|---|
| 008 | 251105s9999||||xx |||||||||||||||||und|| | ||
| 020 | _a9788477339243 | ||
| 041 | _aspa | ||
| 100 | _aMartín Romero, José Julio | ||
| 245 | 0 | _aEntre el Renacimiento y el Barroco: Pedro de la Sierra y su obra | |
| 264 |
_a[Madrid, España] : _bPrensas Universitarias de Zaragoza, _c2007 |
||
| 300 | _a337 páginas | ||
| 490 | _aHumanidades | ||
| 650 | _aArts in general | ||
| 856 | _uhttps://public.digitaliapublishing.com/a/2112 | ||
| 942 | _cCF | ||
| 999 |
_c85315 _d85315 |
||